Rozpoznaj piłkarzy po klubach, w których grali. - Statystyki

Ogólne statystyki
  • Ten quiz został rozwiązany 244 razy
  • Średni wynik to 5 z 10
Statystyki odpowiedzi
Kluby Piłkarz % Poprawnych
Sporting-Barcelona-Real Madryt-Inter Mediolan-Koniec Kariery Figo
77%
Valencia-Eibar-Valencia-Celta Vigo-Valencia-Manchester City-Real Sociedad Silva
72%
Barcelona B-Barcelona-Koniec Kariery Puyol
66%
Valencia-Malaga-Real Madryt Isco
59%
Chmel Blsany-Sparta Praga-Rennes-Chelsea-Arsenal-Koniec Kariery Cech
50%
Corinthians-Szachtar Donieck-Anży Machaczkała-Chelsea-Arsenal Willian
49%
Bayern-Stuttgart-Bayern-Koniec Kariery Lahm
42%
Watford-Aston Villa-Manchester United-Inter Mediolan Young
37%
NEC Nijmegen-Ajax-Barcelona-Valencia Cillessen
35%
Hogaborg-Helsingborg-Feyenoord-Celtic-Barcelona-Helsingborg-Manchester United-Helsingborg-Koniec Kariery Larsson
35%
Nie znaleziono quizów pasujących do podanych kryteriów
Rozkład punktacji
Procent ludzi z każdym wynikiem
Percentyl według liczby udzielonych odpowiedzi
Twoja historia wyników
Nie rozwiązałeś tego quizu